Most Visited Caribbean Island (2017, Fast Typing) - Statistics

General Stats
  • This quiz has been taken 30 times
  • The average score is 4 of 10
Answer Stats
Rank (most visited) Island % Correct
3rd Jamaica
92%
2nd Cuba
75%
5th Bahamas
71%
8th Barbados
63%
1st Dominican Republic
63%
4th Puerto Rico
29%
6th Aruba
25%
9th Martinique
13%
10th St Maarten
8%
7th US Virgin Islands
4%
No matching quizzes found
Score Distribution
Percent of People with Each Score
Percentile by Number Answered
Your Score History
You have not taken this quiz